| 000 | 01141nab a22002297a 4500 | ||
|---|---|---|---|
| 999 |
_c5258 _d5258 |
||
| 003 | OSt | ||
| 005 | 20250209193502.0 | ||
| 008 | 190603e xxum|||| |||| 00| 0 spa d | ||
| 040 | _cPJ | ||
| 100 |
_96310 _aUgarte, Josefina |
||
| 245 | 1 | 0 |
_aCesión de derechos hereditarios / _cJosefina Ugarte. |
| 260 |
_cCiudad Autónoma de Buenos Aires : _aThomson Reuters La Ley, _b2025. |
||
| 300 | _ap. 233-240. | ||
| 500 | _aCita Online: TR LALEY AR/DOC/39/2025. Publicado en: RCCyC 2025 (febrero) , 233. | ||
| 505 | _aSumario: I. Antecedentes.— II. Concepto.— III. Objeto.— IV. Forma.— V. Oportunidad para la cesión de herencia.— VI. Extensión de la cesión.— VII. Garantía por evicción.— VIII. Efectos de la cesión.— IX. Conclusión. | ||
| 505 | _t¿Te interesa el texto completo? Solicitalo al correo: koha@justierradelfuego.gov.ar | ||
| 650 | 0 |
_9888 _aSUCESIONES |
|
| 650 | 0 |
_91497 _aCODIGO CIVIL Y COMERCIAL |
|
| 650 | 0 |
_91100 _aCESION DE HERENCIA |
|
| 773 | 0 |
_02713 _93170 _dCiudad Autónoma de Buenos Aires : Thomson Reuters La Ley, 2015- _tRevista Código Civil y Comercial. Nº 1 - Febrero 2025 |
|
| 942 |
_2udc _cANA |
||